000
00323nam a22001457a 4500
008
210527b ||||| |||| 00| 0 eng d
020
_a
9780813117980
041
_a
eng
080
_a
32
082
_a
32
100
_a
21
101
_a
POL
245
_a
Racial Politics and Urban Planning
_c
Catlin,R.A
942
_2
udc
_c
BK
999
_c
57749
_d
57749